Integrated principles of zoology

Gorde:
Xehetasun bibliografikoak
Egile nagusia: Hickman, Cleveland P.
Formatua: Liburua
Hizkuntza:Undetermined
Argitaratua: Boston, MA McGraw-Hill 2001
Gaiak:
Etiketak: Etiketa erantsi
Etiketarik gabe, Izan zaitez lehena erregistro honi etiketa jartzen!
Thư viện lưu trữ: Trung tâm Học liệu Trường Đại học Cần Thơ
LEADER 00499nam a2200193Ia 4500
001 CTU_61553
008 210402s9999 xx 000 0 und d
020 |c 341200 
082 |a 590 
082 |b H627 
100 |a Hickman, Cleveland P. 
245 0 |a Integrated principles of zoology 
245 0 |c Cleveland P. Hickman 
260 |a Boston, MA 
260 |b McGraw-Hill 
260 |c 2001 
650 |a Zoology 
904 |i Minh,Hải 
980 |a Trung tâm Học liệu Trường Đại học Cần Thơ